UM Logo

Chicken soup for little souls : (Record no. 23564)

MARC details
000 -LEADER
fixed length control field 00615nam a22001457a 4500
005 - DATE AND TIME OF LATEST TRANSACTION
control field 20250515093533.0
008 - FIXED-LENGTH DATA ELEMENTS--GENERAL INFORMATION
fixed length control field 250305b |||||||| |||| 00| 0 eng d
020 ## - INTERNATIONAL STANDARD BOOK NUMBER
International Standard Book Number 155874505X
082 ## - DEWEY DECIMAL CLASSIFICATION NUMBER
Edition number 1997
Classification number DC C432
245 ## - TITLE STATEMENT
Title Chicken soup for little souls :
Remainder of title the goodness gorillas (story adapted from "practice random acts of kindness and senseless acts of beauty" by adair lara) /
Statement of responsibility, etc. Illustrated by: Pat Grant Porter
260 ## - PUBLICATION, DISTRIBUTION, ETC. (IMPRINT)
Place of publication, distribution, etc. Deerfield Beach, FL :
Name of publisher, distributor, etc. Health communications, Inc.,
Date of publication, distribution, etc. ©1997.
300 ## - PHYSICAL DESCRIPTION
Extent 32 pages :
Other physical details color illustrations ;
Dimensions 31 cm.
700 ## - ADDED ENTRY--PERSONAL NAME
Personal name Porter, Pat Grant.
9 (RLIN) 65683
Relator term illustrator.
942 ## - ADDED ENTRY ELEMENTS (KOHA)
Source of classification or shelving scheme Dewey Decimal Classification
Koha item type Circulation
Holdings
Withdrawn status Lost status Source of classification or shelving scheme Damaged status Not for loan Collection code Home library Current library Date acquired Total Checkouts Full call number Barcode Date last seen Price effective from Koha item type
    Dewey Decimal Classification     Circulation UM Digos College - LIC UM Digos College - LIC 03/03/2025   DC C432 1997 28621 03/05/2025 03/05/2025 Circulation